Biodiversidad del mar de los siete colores / (Registro nro. 19135)

Detalles MARC
000 -CABECERA
Campo de control 01322nam a2200253 a 4500
005 - FECHA Y HORA DE LA ULTIMA TRANSACCION
Campo de control 20191224042314.0
008 - ELEMENTOS DE LONGITUD FIJA—INFORMACION GENERAL
Campo de control 161123s2016 ck ado||||||| 00| 0 spa d
020 ## - ISBN
ISBN 9789588935140
040 ## - FUENTE DE CATALOGACIÓN
Agencia catalogadora original CO-BoIAVH
Agencia transcriptora CO-BoIAVH
041 0# - IDIOMA
Código de idioma para texto/pista de sonido o título separado Español
044 ## - PAÍS DE PUBLICACIÓN
País de publicación Colombia
082 04 - NUMERO DE CLASIFICACION DECIMAL DEWEY
Número de clasificación 578.77
Número del ítem B61m
245 00 - MENCION DE TITULO
Título Biodiversidad del mar de los siete colores /
Mención de responsabilidad editado por Vides, M. [y otros 3]
260 ## - PUBLICACION, DISTRIBUCION, ETC. (PIE DE IMPRENTA)
Lugar de publicación, distribución, etc. Santa Marta, Colombia :
Nombre del editor, distribuidor, etc. INVEMAR :
-- CORALINA,
Fecha de publicación, distribución, etc. 2016.
300 ## - DESCRIPCION FISICA
Extensión 228 páginas :
Otros detalles físicos ilustraciones a color, gráficas, tablas y fotografías a color ;
Dimensiones 31 x 24 cm. +
Material acompañante carpeta de anexos ( incluye 16 fichas de datos)
490 0# - MENCION DE SERIE
Mención de serie Serie de publicaciones generales del INVEMAR ;
Designación numérica/secuencial del volumen No. 84
504 ## - NOTA DE BIBLIOGRAFIA, ETC.
Nota de bibliografía Incluye referencias bibliográficas.
650 26 - ASIENTO SECUNDARIO DE MATERIA - TERMINO TEMATICO
Término temático o nombre geográfico como elemento de entrada Biodiversidad
Subdivisión general Recursos Marinos
Subdivisión geográfica Mar de los siete colores (San Andrés, Colombia)
9 (RLIN) 77289
650 26 - ASIENTO SECUNDARIO DE MATERIA - TERMINO TEMATICO
Término temático o nombre geográfico como elemento de entrada Conservación de la diversidad biológica
Subdivisión general Recursos Marinos
Subdivisión geográfica Mar de los siete colores (San Andrés, Colombia)
9 (RLIN) 77290
650 26 - ASIENTO SECUNDARIO DE MATERIA - TERMINO TEMATICO
Término temático o nombre geográfico como elemento de entrada Biodiversidad
Subdivisión general identificación
Subdivisión geográfica Mar de los siete colores (San Andrés, Colombia)
9 (RLIN) 77291
710 2# - ASIENTO SECUNDARIO - NOMBRE CORPORATIVO
Nombre corporativo o de jurisdicción como elemento de entrada Instituto de Investigaciones Marinas y Costeras - INVEMAR
9 (RLIN) 3449
710 2# - ASIENTO SECUNDARIO - NOMBRE CORPORATIVO
Nombre corporativo o de jurisdicción como elemento de entrada Corporación para el Desarrollo Sostenible del Archipiélago de San Andrés, Providencia y Santa Catalina - CORALINA
9 (RLIN) 1067
942 ## - ELEMENTOS ADICIONALES (KOHA)
Sistema de clasificación Dewey Decimal Classification
Tipo de ítem Libro
Koha issues (borrowed), all copies 1
Existencias
Withdrawn status Lost status Sistema de Clasificación Damaged status No para préstamo Colección Inventariado Ubicación Permanente Ubicación actual Fecha de adquisición Fuente de Valor Valor Total Checkouts Número topográfico Inventario / Código de Barras Date last seen Date checked out Ejemplar Price effective from Forma de adquisición Tipo de material Public note
    Dewey Decimal Classification     General Inventariado 2017 Bogotá Bogotá 23/11/2016 Instituto 39000.00 1 LB-578.77 B61m 040823 22/03/2017 22/03/2017 Ej. 1 23/11/2016 Donación Libro Incluye carpeta de anexos (contiene 16 fichas de datos). (CID-040824) y folleto de leyenda del documento (CID-040825).